00442 2200169 4500001002100000005001500021008004100036020002200077035001900099041000700118082001000125090001700135100002000152245004800172260002800220300002400248INLIS00000000002528920241224131909241224||||||||| | ||| |||| || |  a978-623-206-013-5 0010-1224025289 aid0 a741.2 a741.2 ANIS s0 aAnisa Widiyarti00aSerunya Musim Hujan, Asyiknya Musim Kemarau aSolobTiga Anandac2019 avi, 122 hlm.; 24 cm